01489nam a2200229 a 450000500170000000800410001702000180005804000350007604100080011104400070011908200170012624503260014326002330046930000700070250400550077261000900082761000870091761000870100465000730109170000480116470000470121220160811150636.0141015s2007 ck ad gr 00010 spa d a9789589810484 aCO-BoBLA cCO-BoBLAdCO-BoIAVH0 aspa ack04a333.72 bI6200aConsolidación del Sistema de Información Ambiental Territorial del Pacífico colombiano SIAT-PC : bidentificación y caracterización de actores, procesos de gestión de información, memorias de los talleres regionales / cedición y compilación Leonardo José Arias Alemán, Paula Cristina Sierra Correa. aCali : bInstituto de Investigaciones Marinas y Costeras "José Benito Vives de Andreis" - INVEMAR : bInstituto de Investigaciones Ambientales del Pacífico : cMinisterio de Ambiente Vivienda y Desarrollo Territorial,c2007. a77, [29] páginas : bilustraciones y gráficos ; c27 x 21 cm. aIncluye referencias bibliográficas: página 75.24aSistema de Información Ambiental Territorial del Pacífico ColombianoxActividades24aSistema de Información Ambiental Territorial del Pacífico ColombianoxHistoria26aSistema de Información Ambiental Territorial del Pacífico ColombianoxTalleres26aSistemas de información ambientalzPacífico (Región, Colombia)1 aArias Alemán, Leonardo Joséecompilador1 aSierra-Correa, Paula Cristinaecompiladora